00618nam a2200205Ia 4500003000400000005001700004008004100021040000700062041000800069082001300077100002000090245004500110260003200155300000900187650002200196700002700218942001300245999001900258952013500277OSt20260507104745.0250729s2005 xx 000 0 und d cAL akan a910 BLIG aBlij H 9229085 aGeography : regions and concepts,6th ed  aಮೈಸೂರುc2005 a469p aGeography9229086 aRao Digumurthi9229087 2ddccBED c238214d238214 00104070aALbALd2025-07-29eSchool Book Companyg150.00l0o372.25 SURPpBED03533r2025-07-29 16:56:30v150.00w2025-07-29yBK